01505pab a2200229 454500008004000000100002300040245008500063260000900148300001300157362000800170520075900178650002700937650003700964650003501001650002601036700002101062700001901083773004201102909001001144999001701154952010401171180718b1997 xxu||||| |||| 00| 0 eng d aAdamolekun, Lapido aPolitical transition, economic liberalization and civil service reform in Malawi c1997 ap.209-22 aMay aThis article reviews the efforts aimed at reforming the civil service of Malawi at the same time as the country has been undergoing political transition and economic liberalization since 1991. Some of the measures in the civil service reform programme interfaced with either the political transition process (for example, the Public Service Act) or with economic policy reform (for example, privatization). In a few other cases, it was a mixture, a political economy perspective (for example, curbing corruption). The article draws attention to the achievements and problems of implementation, including the coordination of donor support, and highlights the lessons learned and the prospects for the remaining years of the decade and beyond. - Reproduced aCivil service - Malawi aEconomic liberalization - Malawi aAdministrative reform - Malawi aAdministrative reform aLaleye, Mouftaou aKulemeka, Noel aPublic Administration and Development a34638 c34638d34638 00104070aIIPAbIIPAd2018-07-19hVolume no: 17, Issue no: 2pAR34871r2018-07-19w2018-07-19yAR